000 00326nam a2200133Ia 4500
005 20251222141857.0
008 251222s9999||||xx |||||||||||||| ||spa||
020 _a978-987-1301-12-6
082 _a658.312.4/R84
100 _aRosinki, Philippe
245 0 _aCoaching y Cultura:
264 _bGran Aldea Editores
942 _cLIB
999 _c7921
_d7921